| 000 | 00646nam a22001937a 4500 | ||
|---|---|---|---|
| 999 |
_c21318 _d21318 |
||
| 003 | AR-CdUCM | ||
| 008 | 190604b ||||| |||| 00| 0 spa d | ||
| 040 |
_aMUNICIPALIDAD PROVINCIAL DEL CUSCO _cBIBLIOTECA MUNICIPAL DEL CUSCO |
||
| 082 |
_aEP/461/A34 _bA34 |
||
| 100 |
_aAlvarado Aragón, Rosa _944482 |
||
| 245 | _aComprensión y producción de textos en el II ciclo de educación inicial / | ||
| 260 |
_aCusco ; _bDann'ys Graff, _c2017. |
||
| 300 |
_a98 Páginas ; _c29 cm. |
||
| 650 |
_aEducación primaria _91561 |
||
| 650 |
_aEducación inicial _93463 |
||
| 650 |
_aEducación de valores _944481 |
||
| 942 |
_2ddc _cLIBROS |
||
| 945 | _aRoel | ||